| 000 | 01084nam a22002297a 4500 | ||
|---|---|---|---|
| 005 | 20250425111356.0 | ||
| 008 | 250425b |||||||| |||| 00| 0 eng d | ||
| 020 | _a978-93-82524-01-4 (pbk) | ||
| 037 | _cTB | ||
| 040 |
_aCRL _cCRL |
||
| 041 |
_2hin _ahin |
||
| 084 |
_aR85xM 152Q3 _qCRL |
||
| 100 |
_aकुमार, मनीष _9752968 |
||
| 245 | _aपश्चिमी विचारधारा के प्रमुख दार्शनिक | ||
| 260 |
_aनई दिल्ली, भारत: _bदी बुक लाइन, _c2013. |
||
| 300 | _a310पृ0 | ||
| 365 |
_b425.00 _cINR |
||
| 650 |
_aदार्शनिक शास्त्र _9752969 |
||
| 700 |
_aभदौरिया, शिवकुमार सिंह _eलेखक _9752970 |
||
| 942 |
_2CC _cTB _hR85xM 152Q3 _n0 |
||
| 999 |
_c1309373 _d1309373 |
||